• 首页
  • 本馆介绍
  • 公告通知
  • 最新文献
  • 馆藏检索
  • 电子资源
  • 读者导购
  • 参考咨询
  • 我的图书馆
  • 登录
  • 详细信息显示
  • 放入我的书架
  • 预约/预借图书
  • 作者相关作品
  • 分类相关作品
  • 丛书相关作品
  • 出版社相关作品

书目信息

  • 表格格式
  • 工作单格式
  • 卡片格式
题名:
解读命运
    
 
作者: 蔡永宁 著
分册:  
出版信息: 北京   人民出版社  2001
页数: 353页
开本: 20cm
丛书名:
单 册:
中图分类: B821.1
科图分类:
主题词: 人生观 , 人生哲学
电子资源:
ISBN: 7-01-003433-8
000 00693nam0 2200217 45
001 0304071564
005 20031219104108.8
010    @a7-01-003433-8@dCNY19.00
100    @a20030407d2001 km y0chiy0120 ea
101 0  @achi
105    @a z 000yy
200 1  @a解读命运@AJie Du Ming Yun@e关于人生命运的哲学思考@EGuan Yu Ren Sheng Ming Yun De Zhe Xue Si Kao@f蔡永宁著@FCai Yong Ning Zhu
210    @a北京@c人民出版社@d2001
215    @a353页@d20cm
517    @a关于人生命运的哲学思考@AGuan Yu Ren Sheng Ming Yun De Zhe Xue Si Kao
606 0  @a人生观
606 0  @a人生哲学
690    @aB821.1@v4
701  0 @a蔡永宁@4著
801    @aCN@bTSTC@c20030407
905    @b322237-239@dB821.1@e133@f3
    
    解读命运:关于人生命运的哲学思考/蔡永宁著.-北京:人民出版社,2001
    353页;20cm
    
    
    ISBN 7-01-003433-8:CNY19.00
    
●
相关链接 在E读中查询图书 在五车中查询图书 在当当中查询图书 在豆瓣中查询图书


正题名:解读命运     索取号:B821.1/133         预约/预借

序号 登录号 条形码 馆藏地/架位号 状态 备注
1 0322237   203222379   第一借阅区/ [索取号:B821.1/133] 在馆    
2 0322238   203222388   第一借阅区/ [索取号:B821.1/133] 在馆    
3 0322239   203222397   第一样本阅览室/ [索取号:B821.1/133] 在馆    
唐山师范学院图书馆 欢迎您!
大连网信软件有限公司© 版权所有